[Event "Toronto-ch"]
[Site "Toronto CAN"]
[Date "2023.04.24"]
[Round "2.1"]
[White "Munro, Allan"]
[Black "Bao, Tony Bohan"]
[Result "0-1"]
[WhiteElo "2131"]
[BlackElo "2103"]
[PlyCount "90"]
[EventDate "2023.04.17"]
[EventType "tourn"]
[EventRounds "9"]
[EventCountry "CAN"]

1. d4 Nf6 2. c4 g6 3. Nc3 Bg7 4. e4 d6 5. Be2 O-O 6. Be3 e5 7. d5 Na6 8. g4 Nc5
9. Bf3 a5 10. g5 Nfd7 11. h4 f5 12. gxf6 Nxf6 13. Qe2 h5 14. O-O-O a4 15. Bg2
Ng4 16. Bg5 Bh6 17. Nh3 Bxg5+ 18. hxg5 Nxf2 19. Nxf2 Qxg5+ 20. Kb1 Qxg2 21.
Rdg1 Rxf2 22. Rxg2 Rxe2 23. Rxe2 Bg4 24. Rf2 Nd3 25. Rff1 Nc5 26. Kc2 Kg7 27.
Kd2 Rh8 28. Ke3 g5 29. Rh2 Kg6 30. Rb1 Rf8 31. Rf2 Rf4 32. b4 axb3 33. axb3 h4
34. b4 Nd7 35. Ra1 Nb6 36. Rxf4 exf4+ 37. Kd4 Bf3 38. c5 Nc8 39. Nb5 h3 40.
Nxc7 h2 41. Nb5 g4 42. cxd6 Nb6 43. Rc1 g3 44. Rc6 bxc6 45. dxc6 h1=Q 0-1

[Event "Toronto-ch"]
[Site "Toronto CAN"]
[Date "2023.04.24"]
[Round "2.2"]
[White "Siddeley, Hugh"]
[Black "Huh, Isaak"]
[Result "0-1"]
[WhiteElo "2071"]
[BlackElo "2092"]
[PlyCount "60"]
[EventDate "2023.04.17"]
[EventType "tourn"]
[EventRounds "9"]
[EventCountry "CAN"]

1. e4 e5 2. Nf3 Nc6 3. Bb5 a6 4. Ba4 Nf6 5. O-O Be7 6. Re1 b5 7. Bb3 O-O 8. c3
d6 9. h3 Nb8 10. d4 Nbd7 11. c4 Bb7 12. Nc3 c6 13. a3 Qc7 14. Bg5 Rac8 15. Rc1
Qb8 16. Qd2 h6 17. Bxh6 gxh6 18. Qxh6 Nh7 19. cxb5 axb5 20. Qg6+ Kh8 21. Bxf7
exd4 22. Ne2 Ne5 23. Nxe5 dxe5 24. Ng3 Qd6 25. Qh5 Rc7 26. Nf5 Qf6 27. Bg6 Bd8
28. Rc5 Rg8 29. Bxh7 Rxh7 30. Qf3 Bb6 0-1

[Event "Toronto-ch"]
[Site "Toronto CAN"]
[Date "2023.05.01"]
[Round "3.1"]
[White "Malakhovets, Sergey"]
[Black "Munro, Allan"]
[Result "1-0"]
[WhiteElo "2185"]
[BlackElo "2131"]
[PlyCount "63"]
[EventDate "2023.04.17"]
[EventType "tourn"]
[EventRounds "9"]
[EventCountry "CAN"]

1. d4 d5 2. Bf4 Nf6 3. e3 c5 4. Nf3 Nc6 5. Nbd2 Qb6 6. dxc5 Qxb2 7. Rb1 Qc3 8.
Bb5 e6 9. O-O Be7 10. e4 O-O 11. e5 Nd7 12. Re1 a6 13. Re3 Qa5 14. Bd3 Nxc5 15.
Nb3 Qb4 16. Nbd4 Qa4 17. Nxc6 bxc6 18. Bxh7+ Kxh7 19. Ng5+ Bxg5 20. Bxg5 Rh8
21. Be7 Qc4 22. Rg3 Kg8 23. Rg4 Ne4 24. Rxg7+ Kxg7 25. Qg4+ Kh7 26. Qh5+ Kg8
27. Qg4+ Kh7 28. Rb3 Qxb3 29. axb3 Re8 30. Bf6 Nxf6 31. exf6 Rg8 32. Qh5# 1-0

[Event "Toronto-ch"]
[Site "Toronto CAN"]
[Date "2023.05.01"]
[Round "3.4"]
[White "Huh, Isaak"]
[Black "Mohan, Abhinandan"]
[Result "1-0"]
[WhiteElo "2092"]
[BlackElo "2075"]
[PlyCount "61"]
[EventDate "2023.04.17"]
[EventType "tourn"]
[EventRounds "9"]
[EventCountry "CAN"]

1. e4 c5 2. Nf3 d6 3. d4 cxd4 4. Nxd4 Nf6 5. Nc3 a6 6. Bg5 e6 7. f4 Qb6 8. Nb3
Nbd7 9. Qe2 Qc7 10. O-O-O b5 11. a3 Bb7 12. g4 Be7 13. Bg2 Rc8 14. h4 Nb6 15.
Rh3 Nc4 16. h5 Nd7 17. Bxe7 Kxe7 18. Rhd3 Rhd8 19. g5 Nc5 20. Nxc5 dxc5 21. e5
Bxg2 22. Qxg2 Rd4 23. Qf2 Rxd3 24. Rxd3 b4 25. axb4 cxb4 26. Ne4 Qc6 27. Nd6
Nxd6 28. exd6+ Kd8 29. g6 hxg6 30. hxg6 fxg6 31. Qh4+ 1-0

[Event "Toronto-ch"]
[Site "Toronto CAN"]
[Date "2023.05.08"]
[Round "4.1"]
[White "Munro, Allan"]
[Black "Siddeley, Hugh"]
[Result "1-0"]
[WhiteElo "2131"]
[BlackElo "2071"]
[PlyCount "96"]
[EventDate "2023.04.17"]
[EventType "tourn"]
[EventRounds "9"]
[EventCountry "CAN"]

1. e4 c5 2. Nf3 g6 3. c4 Nc6 4. d4 cxd4 5. Nxd4 Nf6 6. f3 Nxd4 7. Qxd4 d6 8.
Be3 Bg7 9. Nc3 O-O 10. Qd2 Be6 11. Rc1 Qa5 12. Be2 Rfc8 13. b3 a6 14. Na4 Qxd2+
15. Kxd2 Nd7 16. g4 f5 17. exf5 gxf5 18. h3 Rab8 19. Nc3 Bxc3+ 20. Rxc3 a5 21.
Re1 Nc5 22. Bd1 Rd8 23. Bc2 fxg4 24. hxg4 Bf7 25. Kc1 Nd7 26. Bg5 Ne5 27. Bxe7
Re8 28. Bh4 Ng6 29. Bg3 Rxe1+ 30. Bxe1 b5 31. cxb5 Rxb5 32. Rc8+ Kg7 33. Bc3+
Kh6 34. Bd2+ Kg7 35. g5 Bd5 36. Bc3+ Kf7 37. Rc7+ Ke6 38. Rxh7 Nf4 39. Bf6 Bxf3
40. Re7+ Kd5 41. g6 Nxg6 42. Bxg6 a4 43. Bf7+ Kc5 44. Be8 Bc6 45. Rc7 Rb6 46.
Bxc6 Rxc6 47. Rxc6+ Kxc6 48. Kc2 Kd5 1-0

[Event "Toronto-ch"]
[Site "Toronto CAN"]
[Date "2023.05.08"]
[Round "4.3"]
[White "Gandolfi, Fred"]
[Black "Huh, Isaak"]
[Result "0-1"]
[WhiteElo "2089"]
[BlackElo "2092"]
[PlyCount "86"]
[EventDate "2023.04.17"]
[EventType "tourn"]
[EventRounds "9"]
[EventCountry "CAN"]

1. d4 d5 2. c4 e6 3. Nc3 Bb4 4. Nf3 Nf6 5. cxd5 exd5 6. Bg5 Qd6 7. Bxf6 Qxf6 8.
e3 O-O 9. Bd3 c6 10. O-O Bg4 11. Be2 Bd6 12. h3 Bf5 13. Bd3 Nd7 14. a3 a5 15.
Qc2 Bxd3 16. Qxd3 Qh6 17. Qf5 Nb6 18. b3 Rfe8 19. a4 g6 20. Qd3 f5 21. Ra2 Re7
22. Nd1 Rae8 23. Nh2 f4 24. Ng4 Qg5 25. exf4 Qxf4 26. g3 Qf8 27. f4 Re4 28. Ne5
Rxd4 29. Qc3 Re4 30. Ng4 d4 31. Qd3 Nd5 32. Ngf2 Re1 33. Qxd4 Bc5 34. Qc4 Kg7
35. Rc2 Bb6 36. Rd2 Qf5 37. Kh2 Qb1 38. Rxe1 Rxe1 39. Rxd5 Bxf2 40. Rd7+ Kh6
41. Qf7 Bg1+ 42. Kg2 Qc2+ 43. Kf3 Qe2# 0-1

[Event "Toronto-ch"]
[Site "Toronto CAN"]
[Date "2023.05.15"]
[Round "5.2"]
[White "Haji Ghanbari, Nader"]
[Black "Malakhovets, Sergey"]
[Result "1/2-1/2"]
[WhiteElo "2130"]
[BlackElo "2185"]
[PlyCount "165"]
[EventDate "2023.04.17"]
[EventType "tourn"]
[EventRounds "9"]
[EventCountry "CAN"]

1. c4 c6 2. e4 d5 3. cxd5 cxd5 4. exd5 Nf6 5. Nc3 Nxd5 6. Bc4 Nb6 7. Bb3 Nc6 8.
Nf3 Bf5 9. d4 e6 10. O-O Be7 11. a4 a6 12. a5 Nd5 13. Nxd5 exd5 14. Re1 O-O 15.
Bd2 Bg4 16. Bc3 Bd6 17. Qd3 Nb4 18. Bxb4 Bxb4 19. Re5 Qf6 20. Bxd5 Bxf3 21.
Bxf3 Rad8 22. Qe3 b6 23. axb6 Qxb6 24. Rd1 a5 25. b3 Rc8 26. Bd5 Qf6 27. Qe2 g6
28. g3 Kg7 29. Re4 Rc7 30. Rf4 Qe7 31. Re4 Qf6 32. Bc4 Re7 33. f3 Rd8 34. Kg2
Rxe4 35. Qxe4 Bc3 36. d5 h5 37. Rd3 Bb4 38. Re3 Bd6 39. Re2 Rb8 40. Ra2 Bb4 41.
Re2 Bd6 42. Ra2 Bb4 43. f4 Rd8 44. Qe5 Bc3 45. Qxf6+ Kxf6 46. Re2 Bb4 47. Kf3
Bc5 48. Re4 Bd6 49. h3 Rb8 50. g4 hxg4+ 51. hxg4 Rh8 52. g5+ Kg7 53. Kg4 Rh2
54. Be2 Rh8 55. Re3 Rc8 56. Bb5 Rc5 57. Bc6 Rc1 58. Bb5 Rc2 59. Kf3 Rc5 60. Bc6
Rc1 61. Ke4 Rf1 62. Rf3 Re1+ 63. Kd3 Rc1 64. Bb5 Rc7 65. Bc6 Re7 66. Kd4 f5 67.
gxf6+ Kxf6 68. Bb5 Rc7 69. Bd3 Rb7 70. Bc4 Re7 71. Bd3 Rb7 72. Rg3 Rg7 73. Ke4
Rb7 74. Bc4 Re7+ 75. Kf3 Bc5 76. Rg5 Re3+ 77. Kg4 Bd6 78. Kh4 Bxf4 79. Rg2 g5+
80. Kg4 Ke5 81. Re2 Rxe2 82. Bxe2 Kxd5 83. Bc4+ 1/2-1/2

[Event "Toronto-ch"]
[Site "Toronto CAN"]
[Date "2023.05.29"]
[Round "6.1"]
[White "Munro, Allan"]
[Black "Mohan, Abhinandan"]
[Result "1-0"]
[WhiteElo "2131"]
[BlackElo "2075"]
[PlyCount "97"]
[EventDate "2023.04.17"]
[EventType "tourn"]
[EventRounds "9"]
[EventCountry "CAN"]

1. d4 Nf6 2. Bg5 d5 3. Bxf6 exf6 4. e3 Bd6 5. g3 O-O 6. Bg2 c6 7. Ne2 Qb6 8. b3
Bg4 9. O-O Re8 10. Re1 Nd7 11. Qd3 g6 12. c4 Bf5 13. Qd2 Bb4 14. Nbc3 dxc4 15.
bxc4 Qa6 16. c5 Rad8 17. a3 Ba5 18. Qc1 Bd3 19. Bf1 f5 20. Nf4 Bxf1 21. Rxf1
Nf6 22. Na2 Bc7 23. Nb4 Qb5 24. Rb1 Bxf4 25. Nd5 Nxd5 26. Rxb5 Bxe3 27. fxe3
cxb5 28. Re1 Re6 29. Qd2 Rde8 30. Qg2 Re4 31. Qa2 Rd8 32. Qb3 a6 33. h3 h5 34.
a4 b4 35. Qc4 f4 36. gxf4 Nxf4 37. Qxb4 Nxh3+ 38. Kg2 Ng5 39. Qxb7 Rg4+ 40. Kf2
Ne4+ 41. Ke2 f5 42. c6 Rg2+ 43. Kf1 Rf2+ 44. Kg1 Nd6 45. Qe7 Rb8 46. Kxf2 Rb2+
47. Kg1 Ne4 48. c7 Rc2 49. Rb1 1-0

[Event "Toronto-ch"]
[Site "Toronto CAN"]
[Date "2023.05.29"]
[Round "6.3"]
[White "Barron, Michael"]
[Black "Bao, Tony Bohan"]
[Result "1/2-1/2"]
[WhiteElo "2244"]
[BlackElo "2103"]
[PlyCount "99"]
[EventDate "2023.04.17"]
[EventType "tourn"]
[EventRounds "9"]
[EventCountry "CAN"]

1. e4 c5 2. Nf3 d6 3. d4 cxd4 4. Nxd4 Nf6 5. f3 e5 6. Nb3 d5 7. Bg5 Be6 8. exd5
Qxd5 9. Nc3 Qxd1+ 10. Rxd1 Bb4 11. Bb5+ Nbd7 12. Bd2 O-O 13. a3 Be7 14. Be3 a6
15. Bxd7 Bxd7 16. Bc5 Bxc5 17. Nxc5 Bf5 18. Rd2 b6 19. N5e4 Rfd8 20. Nxf6+ gxf6
21. Nd5 Bxc2 22. Nxf6+ Kg7 23. Nh5+ Kg6 24. g4 Ba4 25. Ng3 Rxd2 26. Kxd2 Rc8
27. b3 Bxb3 28. Rb1 Bd5 29. Rxb6+ Kg5 30. Ne4+ Bxe4 31. fxe4 Kxg4 32. Rxa6 Rc7
33. Rf6 Ra7 34. Rf5 Rxa3 35. Rxe5 h5 36. Rf5 Ra7 37. Ke3 h4 38. Rf2 Ra3+ 39.
Kd4 Rf3 40. Rg2+ Kh3 41. Re2 Rf1 42. e5 Rh1 43. Rf2 Rxh2 44. Rxf7 Re2 45. Rg7
Kh2 46. Kd5 h3 47. e6 Kh1 48. e7 h2 49. Kd6 Re1 50. Kd7 1/2-1/2

[Event "Toronto-ch"]
[Site "Toronto CAN"]
[Date "2023.06.05"]
[Round "7.1"]
[White "Haji Ghanbari, Nader"]
[Black "Munro, Allan"]
[Result "1-0"]
[WhiteElo "2130"]
[BlackElo "2131"]
[PlyCount "91"]
[EventDate "2023.04.17"]
[EventType "tourn"]
[EventRounds "9"]
[EventCountry "CAN"]

1. c4 e5 2. Nc3 Bb4 3. g3 Bxc3 4. dxc3 d6 5. e4 Nf6 6. f3 Be6 7. Nh3 h6 8. Nf2
Nbd7 9. Be3 Qe7 10. Qa4 O-O 11. Qc2 c6 12. Bd3 d5 13. Qe2 a6 14. O-O dxe4 15.
Nxe4 Nxe4 16. Bxe4 f5 17. Bc2 c5 18. Rad1 Qf7 19. Rxd7 Bxd7 20. Bxc5 Rfe8 21.
Bd6 Qf6 22. c5 Bb5 23. c4 Bc6 24. Qf2 Kh8 25. b4 Rad8 26. a4 Rxd6 27. cxd6 Qxd6
28. b5 axb5 29. axb5 Bd7 30. c5 Qc7 31. Rd1 e4 32. b6 Qc8 33. fxe4 fxe4 34. Rd6
Bc6 35. Qf4 Kh7 36. g4 Rf8 37. Rxc6 bxc6 38. Qxe4+ Kg8 39. Qh7+ Kf7 40. Qg6+
Kg8 41. Qh7+ Kf7 42. Qf5+ Ke7 43. Qe5+ Qe6 44. Qc7+ Qd7 45. Bf5 Rxf5 46. Qxd7+
1-0

[Event "Toronto-ch"]
[Site "Toronto CAN"]
[Date "2023.06.05"]
[Round "7.3"]
[White "Bao, Tony Bohan"]
[Black "Malakhovets, Sergey"]
[Result "1/2-1/2"]
[WhiteElo "2103"]
[BlackElo "2185"]
[PlyCount "120"]
[EventDate "2023.04.17"]
[EventType "tourn"]
[EventRounds "9"]
[EventCountry "CAN"]

1. e4 c6 2. d4 d5 3. e5 c5 4. Nf3 cxd4 5. Qxd4 Nc6 6. Qf4 e6 7. a3 f6 8. Bb5
Qc7 9. exf6 Qxf4 10. Bxf4 gxf6 11. O-O a6 12. Be2 e5 13. Bg3 Be6 14. Nc3 Nge7
15. h3 Bg7 16. Na4 Rd8 17. Nc5 Bc8 18. Nh4 O-O 19. c3 f5 20. Bh2 Kh8 21. Rfc1
Rg8 22. Nf3 Bf6 23. Kh1 Rg7 24. a4 Rdg8 25. Ne1 Bh4 26. Kg1 f4 27. Kf1 a5 28.
Ra3 Bg5 29. Rd1 e4 30. Bg4 Bxg4 31. hxg4 Rg6 32. Rb3 Ne5 33. Nxb7 Nxg4 34. Bg1
Bh4 35. f3 Ne3+ 36. Bxe3 fxe3 37. fxe4 dxe4 38. Rd8 Rf6+ 39. Ke2 Bg5 40. Rxg8+
Kxg8 41. Rb5 Rf2+ 42. Kd1 Rd2+ 43. Kc1 Nd5 44. Nc5 e2 45. Rb8+ Kf7 46. Nxe4
Rd1+ 47. Kc2 Bf4 48. Rb7+ Kg6 49. Nf3 e1=Q 50. Nxe1 Rxe1 51. Nc5 Be3 52. Ne6
Rg1 53. Nf8+ Kf5 54. Nxh7 Rxg2+ 55. Kd3 Rd2+ 56. Kc4 Nb6+ 57. Kb3 Ke5 58. Re7+
Kf4 59. Rf7+ Ke5 60. Re7+ Kf4 1/2-1/2

[Event "Toronto-ch"]
[Site "Toronto CAN"]
[Date "2023.06.05"]
[Round "7.5"]
[White "Mohan, Abhinandan"]
[Black "Gandolfi, Fred"]
[Result "0-1"]
[WhiteElo "2075"]
[BlackElo "2089"]
[PlyCount "58"]
[EventDate "2023.04.17"]
[EventType "tourn"]
[EventRounds "9"]
[EventCountry "CAN"]

1. d4 d5 2. c4 c6 3. Nc3 Nf6 4. Nf3 dxc4 5. e4 b5 6. a4 b4 7. e5 bxc3 8. exf6
cxb2 9. fxg7 Bxg7 10. Bxb2 Be6 11. Rc1 Qb6 12. Ba1 O-O 13. Bxc4 Bd5 14. O-O Nd7
15. Re1 e6 16. Qd3 Qd8 17. g3 Qf6 18. Bxd5 cxd5 19. Rc7 Nb6 20. Ne5 Qd8 21. Rb7
Qc8 22. Qa6 f6 23. a5 fxe5 24. axb6 Rf7 25. Rxf7 Qxa6 26. b7 Rb8 27. Rd7 Rxb7
28. Rd8+ Kf7 29. dxe5 Qa5 0-1

[Event "Toronto-ch"]
[Site "Toronto CAN"]
[Date "2023.06.26"]
[Round "9.1"]
[White "Huh, Isaak"]
[Black "Munro, Allan"]
[Result "1-0"]
[WhiteElo "2092"]
[BlackElo "2131"]
[PlyCount "133"]
[EventDate "2023.04.17"]
[EventType "tourn"]
[EventRounds "9"]
[EventCountry "CAN"]

1. e4 e5 2. Nf3 Nc6 3. Bb5 a6 4. Ba4 Nf6 5. d3 Bc5 6. Nc3 d6 7. h3 b5 8. Bb3
Na5 9. O-O h6 10. Be3 Bxe3 11. fxe3 O-O 12. Qe1 Nxb3 13. axb3 c6 14. b4 Re8 15.
Qf2 d5 16. exd5 Nxd5 17. Nxd5 cxd5 18. d4 e4 19. Nd2 Qc7 20. Qf4 Ra7 21. c3 Re6
22. Nb3 Rg6 23. Kh2 Qd6 24. Nc5 Rc7 25. b3 Rc6 26. Qxd6 Rcxd6 27. Rac1 Be6 28.
Rf2 Rc6 29. Ra2 Kh7 30. Rd1 Rd6 31. Rdd2 Rf6 32. Ra1 Rg6 33. Rxa6 Rxa6 34. Nxa6
Bxh3 35. Nc7 Bd7 36. Nxd5 Rc6 37. c4 bxc4 38. bxc4 Rxc4 39. Nb6 Rc7 40. Nxd7
Rxd7 41. b5 Rb7 42. Rb2 Rb6 43. Kg3 g5 44. Kf2 f5 45. Ke2 Kg6 46. Kd2 f4 47.
Kc3 Kf5 48. Kc4 h5 49. Kc5 Rb8 50. d5 h4 51. d6 f3 52. d7 g4 53. Kc6 g3 54. Kc7
Rh8 55. d8=Q Rxd8 56. Kxd8 f2 57. Rb1 h3 58. b6 hxg2 59. b7 g1=Q 60. b8=Q Qxb1
61. Qxb1 g2 62. Qb5+ Kg4 63. Qd7+ Kf3 64. Qh3+ Ke2 65. Qxg2 Ke1 66. Qxe4 Kf1
67. Ke7 1-0

[Event "Toronto-ch"]
[Site "Toronto CAN"]
[Date "2023.06.26"]
[Round "9.2"]
[White "Bao, Tony Bohan"]
[Black "Haji Ghanbari, Nader"]
[Result "1-0"]
[WhiteElo "2103"]
[BlackElo "2130"]
[PlyCount "97"]
[EventDate "2023.04.17"]
[EventType "tourn"]
[EventRounds "9"]
[EventCountry "CAN"]

1. e4 c5 2. Nf3 d6 3. d4 cxd4 4. Nxd4 Nf6 5. Nc3 e5 6. Bb5+ Nbd7 7. Nf5 a6 8.
Bxd7+ Qxd7 9. Bg5 Nxe4 10. Nxg7+ Bxg7 11. Nxe4 O-O 12. Qxd6 f6 13. Qxd7 Bxd7
14. Bd2 Bc6 15. Ng3 f5 16. O-O f4 17. Ne2 h5 18. Bb4 Rf6 19. f3 Rg6 20. Rad1
Kf7 21. Nc3 Bf6 22. Rd2 Bd8 23. Bc5 Rc8 24. Kh1 Ke8 25. Re1 Bc7 26. Bd4 e4 27.
Nxe4 Kf7 28. c4 a5 29. b3 Re8 30. Rde2 Bd6 31. c5 Be7 32. Nc3 Bh4 33. Rxe8 Bxe8
34. Re4 Bg5 35. Re5 Bd7 36. Ne4 Be7 37. Rxh5 Be6 38. Be5 Ke8 39. Bxf4 Kd7 40.
Rh7 Bg8 41. Rh6 Rc6 42. Bd6 Bd8 43. h4 b6 44. Rh8 Be6 45. Rh7+ Kc8 46. g4 bxc5
47. Bxc5 Bd5 48. Rh5 Bf7 49. Nd6+ 1-0

[Event "Toronto-ch"]
[Site "Toronto CAN"]
[Date "2023.06.26"]
[Round "9.5"]
[White "Gandolfi, Fred"]
[Black "Barron, Michael"]
[Result "0-1"]
[WhiteElo "2089"]
[BlackElo "2244"]
[PlyCount "110"]
[EventDate "2023.04.17"]
[EventType "tourn"]
[EventRounds "9"]
[EventCountry "CAN"]

1. d4 f5 2. c4 Nf6 3. g3 g6 4. Bg2 Bg7 5. Nf3 O-O 6. O-O d6 7. Nc3 c6 8. d5 e5
9. dxe6 Bxe6 10. b3 Na6 11. Ng5 Bc8 12. Bb2 h6 13. Nf3 Qe7 14. e3 Be6 15. Nd4
Bf7 16. Rc1 Rad8 17. Bxc6 bxc6 18. Nxc6 Qb7 19. Nxd8 Rxd8 20. Ne2 Nc5 21. f3
Qe7 22. Bd4 Ne6 23. Bc3 d5 24. Ba5 Rd7 25. Qe1 dxc4 26. bxc4 Nc5 27. Nf4 g5 28.
Nd5 Nxd5 29. cxd5 Nd3 30. Rc8+ Bf8 31. Qd2 Rxd5 32. Rc7 Qa3 33. Bc3 Nb4 34. Bd4
a5 35. Rf2 Bg7 36. h4 Be5 37. Rc8+ Kh7 38. hxg5 hxg5 39. Rh2+ Kg6 40. Qe2 Bxd4
41. exd4 Rxd4 42. g4 fxg4 43. fxg4 Qxa2 44. Qxa2 Bxa2 45. Rg2 a4 46. Rb8 Be6
47. Rb6 Re4 48. Rb2 Nd3 49. Rc2 Rxg4+ 50. Kh2 Kf5 51. Rb5+ Kf4 52. Rb1 Rh4+ 53.
Kg1 Bd5 54. Rh2 Rxh2 55. Kxh2 a3 0-1

[Event "Toronto-ch Development"]
[Site "Toronto CAN"]
[Date "2023.04.17"]
[Round "1.2"]
[White "Pokhrel, Sudhir"]
[Black "Grucza, Peter"]
[Result "1-0"]
[WhiteElo "1560"]
[BlackElo "892"]
[PlyCount "83"]
[EventDate "2023.04.17"]
[EventType "tourn"]
[EventRounds "9"]
[EventCountry "CAN"]

1. d4 d5 2. Nf3 c5 3. e3 Nc6 4. Be2 e6 5. O-O Nf6 6. c4 b6 7. cxd5 exd5 8. Bb5
Bb7 9. Ne5 Qc7 10. Qa4 Bd6 11. Bxc6+ Bxc6 12. Qxc6+ Qxc6 13. Nxc6 O-O 14. Nc3
a6 15. Ne5 g5 16. h3 h5 17. Nf3 g4 18. Ng5 Kg7 19. h4 Nh7 20. Nxh7 Kxh7 21.
Nxd5 f5 22. Nxb6 Ra7 23. Nc4 Bc7 24. dxc5 g3 25. Nd6 Rf6 26. fxg3 Kg6 27. Ne8
Rc6 28. Nxc7 Raxc7 29. Bd2 Rd7 30. Bc3 Rxc5 31. Rad1 Rf7 32. Rd6+ Kh7 33. e4 f4
34. gxf4 Rc4 35. e5 Rcxf4 36. Rxf4 Rxf4 37. g3 Re4 38. Rxa6 Kg8 39. Ra7 Kf8 40.
Kf2 Rc4 41. Kf3 Ke8 42. Rh7 1-0

[Event "Toronto-ch Development"]
[Site "Toronto CAN"]
[Date "2023.04.17"]
[Round "1.4"]
[White "Gonzalez, Ademar"]
[Black "Supol, George"]
[Result "1-0"]
[WhiteElo "1302"]
[BlackElo "1354"]
[PlyCount "99"]
[EventDate "2023.04.17"]
[EventType "tourn"]
[EventRounds "9"]
[EventCountry "CAN"]

1. e4 c5 2. Nc3 e5 3. d3 Nf6 4. f4 d6 5. Nf3 exf4 6. Bxf4 Nc6 7. Be2 Be6 8. Qd2
h6 9. e5 dxe5 10. Nxe5 Nxe5 11. Bxe5 Bd6 12. Bxd6 Qxd6 13. O-O Ng4 14. Bxg4
Bxg4 15. Rae1+ Be6 16. Ne4 Qd4+ 17. Kh1 O-O 18. c3 Qd8 19. Nxc5 Bd5 20. Nb3 Qb6
21. Nc1 Qg6 22. d4 Rfe8 23. b3 b5 24. Qf2 Re6 25. Rxe6 Bxe6 26. Ne2 Rc8 27. Nf4
Qf6 28. Nxe6 Qxe6 29. Qf3 a6 30. d5 Qd7 31. a4 bxa4 32. bxa4 f6 33. a5 Rc5 34.
Rd1 Rxa5 35. d6 Re5 36. Qa8+ Kh7 37. Qxa6 Qe6 38. Qd3+ f5 39. h3 Qd7 40. Qd4
Re6 41. c4 Re4 42. Qd5 g6 43. c5 Kg7 44. c6 Qe8 45. d7 Re1+ 46. Rxe1 Qxe1+ 47.
Kh2 f4 48. Qd4+ Kh7 49. Qxf4 Qe7 50. Qc7 1-0

[Event "Toronto-ch Development"]
[Site "Toronto CAN"]
[Date "2023.04.17"]
[Round "1.5"]
[White "Basi, Karandeep"]
[Black "Bonnard, Nicolas"]
[Result "1-0"]
[WhiteElo "1452"]
[BlackElo "1298"]
[PlyCount "89"]
[EventDate "2023.04.17"]
[EventType "tourn"]
[EventRounds "9"]
[EventCountry "CAN"]

1. c4 c5 2. g3 g6 3. Bg2 Bg7 4. Nc3 Nc6 5. Nf3 d6 6. O-O e6 7. e4 Nge7 8. d3
O-O 9. Nh4 Nd4 10. Rb1 Nec6 11. Be3 Rb8 12. a3 b5 13. Nxb5 Nxb5 14. cxb5 Rxb5
15. Qd2 Rb3 16. Rfd1 Qb6 17. Bh6 Bxh6 18. Qxh6 Rxb2 19. Nf3 f6 20. Rxb2 Qxb2
21. Qc1 Qb6 22. Qb1 Ba6 23. Qa2 Kf7 24. Bh3 Bc8 25. Rb1 Qc7 26. Nd2 Bd7 27. Nc4
d5 28. Rb7 Qc8 29. Nd6+ Kg8 30. Nxc8 Bxc8 31. Rc7 Nd4 32. exd5 f5 33. Rxc5 Rd8
34. Bg2 e5 35. d6+ Kg7 36. Rc7+ Kh6 37. Qd2+ g5 38. h4 f4 39. hxg5+ Kxg5 40.
gxf4+ exf4 41. Qa5+ Kf6 42. Qc3 Rxd6 43. Rxc8 Ke6 44. Bh3+ Ke7 45. Qc7+ 1-0

[Event "Toronto-ch Development"]
[Site "Toronto CAN"]
[Date "2023.05.29"]
[Round "6.3"]
[White "Saimovici, Gabriel"]
[Black "Bonnard, Nicolas"]
[Result "1/2-1/2"]
[WhiteElo "1149"]
[BlackElo "1298"]
[PlyCount "69"]
[EventDate "2023.04.17"]
[EventType "tourn"]
[EventRounds "9"]
[EventCountry "CAN"]

1. Nf3 d5 2. e4 dxe4 3. Ng5 Nf6 4. d3 exd3 5. Bxd3 g6 6. Nxf7 Qd5 7. Nxh8 Qxg2
8. Rf1 Bg7 9. Nxg6 hxg6 10. Bf4 Nd5 11. Bg3 Bxb2 12. Bxg6+ Kf8 13. Qd3 Nc6 14.
Be4 Ndb4 15. Qe3 Qh3 16. c3 Bf5 17. Qf4 e6 18. cxb4 Bxa1 19. b5 Ne5 20. Nd2 Bc3
21. Ke2 Rd8 22. Rd1 Rxd2+ 23. Rxd2 Bxd2 24. Qxe5 Ba5 25. Bxf5 Qxf5 26. Qxf5+
exf5 27. Ke3 Kf7 28. Be5 Ke6 29. f4 c6 30. bxc6 bxc6 31. h4 Bb4 32. Bg7 Kf7 33.
Bd4 a5 34. a4 Kg6 35. Be5 1/2-1/2

[Event "Toronto-ch Development"]
[Site "Toronto CAN"]
[Date "2023.06.05"]
[Round "7.2"]
[White "Basi, Karandeep"]
[Black "Armstrong, Robert J"]
[Result "1-0"]
[WhiteElo "1452"]
[BlackElo "1497"]
[PlyCount "47"]
[EventDate "2023.04.17"]
[EventType "tourn"]
[EventRounds "9"]
[EventCountry "CAN"]

1. c4 f5 2. g3 Nf6 3. Bg2 e6 4. Nc3 Nc6 5. Nf3 Ne4 6. O-O Bc5 7. d4 Bb4 8. Qc2
Nxc3 9. bxc3 Be7 10. d5 Nb8 11. dxe6 dxe6 12. Rd1 Bd7 13. Ne5 Qc8 14. Qb3 Bc6
15. Nxc6 bxc6 16. Ba3 a5 17. Rd3 Kf7 18. Bxe7 Kxe7 19. Rad1 Re8 20. Qa4 Ra6 21.
c5 Qb7 22. Qh4+ Kf7 23. Qxh7 Qc8 24. Bf3 1-0

[Event "Toronto-ch Reserve"]
[Site "Toronto CAN"]
[Date "2023.04.17"]
[Round "1.1"]
[White "Fradkin, Benjamin"]
[Black "Kwan, Toy Chack"]
[Result "1-0"]
[WhiteElo "2041"]
[BlackElo "1571"]
[PlyCount "75"]
[EventDate "2023.04.17"]
[EventType "tourn"]
[EventRounds "9"]
[EventCountry "CAN"]

1. d4 e6 2. c4 Nf6 3. Nf3 Bb4+ 4. Bd2 Qe7 5. a3 Bxd2+ 6. Nbxd2 d6 7. g3 O-O 8.
Bg2 a5 9. O-O e5 10. e3 Nc6 11. d5 Nb8 12. b4 Na6 13. Qb3 Bg4 14. e4 Rfe8 15.
Rac1 b6 16. h3 Bh5 17. Nh4 Bg6 18. Nxg6 hxg6 19. Qc3 a4 20. Bf3 Nh7 21. Qe3 Rf8
22. Bd1 Qd7 23. Kh2 f5 24. exf5 gxf5 25. f4 Rae8 26. Bh5 Re7 27. Rce1 Rf6 28.
fxe5 Rxe5 29. Qd4 Rh6 30. g4 Nf6 31. Rxe5 dxe5 32. Qxe5 Nxh5 33. gxh5 Rxh5 34.
Re1 Rh4 35. Qe8+ Qxe8 36. Rxe8+ Kf7 37. Ra8 Rd4 38. Nf3 1-0

[Event "Toronto-ch Reserve"]
[Site "Toronto CAN"]
[Date "2023.04.17"]
[Round "1.2"]
[White "Zhu, Charis"]
[Black "Southam, David"]
[Result "0-1"]
[WhiteElo "1912"]
[BlackElo "2027"]
[PlyCount "76"]
[EventDate "2023.04.17"]
[EventType "tourn"]
[EventRounds "9"]
[EventCountry "CAN"]

1. d4 e6 2. c4 d5 3. Nc3 c6 4. Nf3 dxc4 5. a4 Bb4 6. e4 b5 7. Bf4 a5 8. Be2 Nf6
9. Qc2 Nbd7 10. O-O Nb6 11. axb5 Bxc3 12. bxc3 cxb5 13. Rfb1 Bd7 14. Ne5 O-O
15. Nxd7 Qxd7 16. Bf3 b4 17. cxb4 axb4 18. Rxa8 Rxa8 19. Rxb4 Ra1+ 20. Rb1 Qa4
21. Qb2 Rxb1+ 22. Qxb1 Qb3 23. Qc1 c3 24. Bd1 Qb2 25. Qc2 Qxc2 26. Bxc2 Nc4 27.
Bd3 Nb2 28. Bc2 Nd7 29. Bc7 Nc4 30. Bd3 e5 31. dxe5 Nc5 32. e6 Nxe6 33. Bg3 Nb2
34. Bb1 f6 35. Kf1 Nd4 36. Ke1 c2 37. Ba2+ Kh8 38. Kd2 Nd3 0-1

[Event "Toronto-ch Reserve"]
[Site "Toronto CAN"]
[Date "2023.04.17"]
[Round "1.3"]
[White "Douglas, Richard"]
[Black "Momic, Jovan"]
[Result "1-0"]
[WhiteElo "1990"]
[BlackElo "1716"]
[PlyCount "39"]
[EventDate "2023.04.17"]
[EventType "tourn"]
[EventRounds "9"]
[EventCountry "CAN"]

1. e4 d6 2. d4 Nf6 3. Nc3 c6 4. f4 Qa5 5. Bd3 e5 6. fxe5 dxe5 7. dxe5 Ng4 8.
Nf3 Bb4 9. Bd2 Nxe5 10. a3 Bd6 11. O-O Ng4 12. Qe2 Qh5 13. e5 Bc7 14. Ne4 Nxe5
15. Ng3 Qg4 16. Rae1 f6 17. Bc3 O-O 18. Nxe5 fxe5 19. Bc4+ Be6 20. Qxg4 1-0

[Event "Toronto-ch Reserve"]
[Site "Toronto CAN"]
[Date "2023.04.17"]
[Round "1.4"]
[White "Malakar, Saarthak"]
[Black "Liu, Sean"]
[Result "1-0"]
[WhiteElo "1836"]
[BlackElo "1677"]
[PlyCount "75"]
[EventDate "2023.04.17"]
[EventType "tourn"]
[EventRounds "9"]
[EventCountry "CAN"]

1. d4 Nf6 2. Nf3 d5 3. g3 e6 4. Bg2 b6 5. O-O Be7 6. c4 c6 7. Nc3 Bb7 8. b3
Nbd7 9. Bb2 O-O 10. Rc1 Bd6 11. e3 Re8 12. Re1 Bb4 13. a3 Bxc3 14. Bxc3 Ne4 15.
Bb2 Qf6 16. Qe2 Ba6 17. Qc2 Ng5 18. Nxg5 Qxg5 19. e4 Rac8 20. f4 Qd8 21. f5
dxc4 22. fxe6 Rxe6 23. bxc4 Rh6 24. Qa4 Nb8 25. d5 Qg5 26. c5 bxc5 27. Rxc5 Qh5
28. h3 Qg5 29. Kh2 Qd2 30. Bc3 Qf2 31. Qd4 Qxd4 32. Bxd4 cxd5 33. Rxc8+ Bxc8
34. Bxa7 Na6 35. exd5 Bd7 36. Bd4 Kf8 37. Rb1 Rh5 38. d6 1-0